| 000 | 00383nam a2200145Ia 4500 | ||
|---|---|---|---|
| 008 | 230711s9999||||xx |||||||||||||| ||und|| | ||
| 041 | _aENG | ||
| 082 |
_a621 _bWE-L |
||
| 100 | _aWeisskopf,Gene | ||
| 245 | 0 | _aLotus 1-2-3 tips and tricks | |
| 250 | _a1st . Ed. | ||
| 260 |
_c1990 _aNew Delhi _bAll India Technical Education Publications |
||
| 650 | _aComputer Engineering | ||
| 942 | _cBK | ||
| 999 |
_c691 _d691 |
||